| 000 | 01174nam a2200301Ia 4500 | ||
|---|---|---|---|
| 001 | 1040 | ||
| 008 | 230305s1995 xx 000 0 und d | ||
| 020 | _a9788488099082 | ||
| 040 | _ctbs | ||
| 041 | _aspa | ||
| 245 | 0 | _aÉtica y progreso económico | |
| 260 |
_bCaja de Ahorros y Pensiones de Barcelona, _c1995 |
||
| 300 | _a105 p. ; 23 cm | ||
| 490 |
_aEstudios e Informes; _v3 |
||
| 505 | _aIncluye la trascripción y traducción al español de la conferencia 'Perspectivas para las limitaciones constitucionales de los déficits presupuestarios', pronunciada en el Auditorio de la sede social de 'La Caixa' en Barcelona (1987). | ||
| 590 | _bVista previa disponible en Google Books (enlace) | ||
| 650 |
_aÉtica profesional _95053 |
||
| 650 |
_a Trabajo _94351 |
||
| 650 |
_a Ahorro _91365 |
||
| 650 |
_a Crecimiento económico _91364 |
||
| 650 |
_a Teoría económica. _91348 |
||
| 700 |
_aBuchanan, James M. _eAuthor _921008 |
||
| 856 | _uhttp://books.google.es/books?id=FkDVs7BfQm8C&printsec=frontcover&dq=8488099088&hl=es&sa=X&ei=Ngu9T4GdM-ec0QXAuZgq&redir_esc=y#v=onepage&q&f=false | ||
| 902 | _a555 | ||
| 905 | _am | ||
| 942 |
_a1 _2ddc |
||
| 999 |
_c1043 _d1043 |
||